| 000 | 00602nam a2200205 i 4500 | ||
|---|---|---|---|
| 001 | 139908 | ||
| 003 | ES-MaACL | ||
| 005 | 20250801201901.0 | ||
| 007 | t| | ||
| 008 | 070214s1966 sp |||| | spa d | ||
| 100 | 1 |
_aSchmaus, Michael. _9104445 |
|
| 245 | 1 | 0 |
_aPerspectivas cristianas _b: ensayos teológicos / _cMichael Schmaus. |
| 260 |
_aSalamanca : _bSígueme, _c1966. |
||
| 300 |
_a167 p. ; _c19 cm. |
||
| 490 | 1 |
_aColección "Estela" ; _v47 |
|
| 650 | 0 | 7 |
_aTeología _2embne _917457 |
| 830 | 0 |
_aColección "Estela" ; _v47 _9181211 |
|
| 852 |
_aES-MaACL _jC-32122 |
||
| 999 |
_c139908 _d139908 |
||